<?xml version="1.0" encoding="UTF-8"?>
<record
    xmlns:xsi="http://www.w3.org/2001/XMLSchema-instance"
    xsi:schemaLocation="http://www.loc.gov/MARC21/slim http://www.loc.gov/standards/marcxml/schema/MARC21slim.xsd"
    xmlns="http://www.loc.gov/MARC21/slim">

  <leader>01432nam0a2200337 i 4500</leader>
  <controlfield tag="001">RU\NLR\BIBL_A\010709423</controlfield>
  <controlfield tag="005">20240921194328.0</controlfield>
  <datafield tag="021" ind1=" " ind2=" ">
    <subfield code="a">RU</subfield>
    <subfield code="b">2015-9123</subfield>
    <subfield code="9">565</subfield>
  </datafield>
  <datafield tag="035" ind1=" " ind2=" ">
    <subfield code="a">(NILC)RuMoRGB-007870837</subfield>
  </datafield>
  <datafield tag="035" ind1=" " ind2=" ">
    <subfield code="a">(NLR Aleph) 010709423</subfield>
  </datafield>
  <datafield tag="090" ind1=" " ind2=" ">
    <subfield code="a">9762968</subfield>
    <subfield code="c">9762968</subfield>
  </datafield>
  <datafield tag="100" ind1=" " ind2=" ">
    <subfield code="a">20150327d2015    u  y0rusy50      ca</subfield>
  </datafield>
  <datafield tag="101" ind1="0" ind2=" ">
    <subfield code="a">rus</subfield>
  </datafield>
  <datafield tag="102" ind1=" " ind2=" ">
    <subfield code="a">RU</subfield>
  </datafield>
  <datafield tag="105" ind1=" " ind2=" ">
    <subfield code="a">a|||z||||||y|</subfield>
  </datafield>
  <datafield tag="200" ind1="1" ind2=" ">
    <subfield code="a">&#x41F;&#x43E;&#x432;&#x440;&#x435;&#x436;&#x434;&#x435;&#x43D;&#x438;&#x44F; &#x43F;&#x43E;&#x434;&#x448;&#x438;&#x43F;&#x43D;&#x438;&#x43A;&#x43E;&#x432; &#x43F;&#x430;&#x440;&#x43E;&#x432;&#x44B;&#x445; &#x442;&#x443;&#x440;&#x431;&#x438;&#x43D;</subfield>
    <subfield code="f">&#x410;. &#x415;. &#x42F;&#x437;&#x44B;&#x43A;&#x43E;&#x432;, &#x411;. &#x415;. &#x41C;&#x443;&#x440;&#x43C;&#x430;&#x43D;&#x441;&#x43A;&#x438;&#x439;</subfield>
  </datafield>
  <datafield tag="210" ind1=" " ind2=" ">
    <subfield code="a">&#x41C;&#x43E;&#x441;&#x43A;&#x432;&#x430;</subfield>
    <subfield code="c">&#x41D;&#x422;&#x424; "&#x42D;&#x43D;&#x435;&#x440;&#x433;&#x43E;&#x43F;&#x440;&#x43E;&#x433;&#x440;&#x435;&#x441;&#x441;"</subfield>
    <subfield code="c">&#x42D;&#x43D;&#x435;&#x440;&#x433;&#x435;&#x442;&#x438;&#x43A;</subfield>
    <subfield code="d">2015</subfield>
  </datafield>
  <datafield tag="215" ind1=" " ind2=" ">
    <subfield code="a">93 &#x441;.</subfield>
    <subfield code="c">&#x438;&#x43B;.</subfield>
    <subfield code="d">20</subfield>
  </datafield>
  <datafield tag="225" ind1="1" ind2=" ">
    <subfield code="a">&#x411;&#x438;&#x431;&#x43B;&#x438;&#x43E;&#x442;&#x435;&#x447;&#x43A;&#x430; &#x44D;&#x43B;&#x435;&#x43A;&#x442;&#x440;&#x43E;&#x442;&#x435;&#x445;&#x43D;&#x438;&#x43A;&#x430;</subfield>
    <subfield code="e">&#x43F;&#x440;&#x438;&#x43B;&#x43E;&#x436;&#x435;&#x43D;&#x438;&#x435; &#x43A; &#x436;&#x443;&#x440;&#x43D;&#x430;&#x43B;&#x443; "&#x42D;&#x43D;&#x435;&#x440;&#x433;&#x435;&#x442;&#x438;&#x43A;"</subfield>
    <subfield code="v">&#x432;&#x44B;&#x43F;. 1 (193)</subfield>
    <subfield code="x">0013-7278</subfield>
  </datafield>
  <datafield tag="320" ind1=" " ind2=" ">
    <subfield code="a">&#x411;&#x438;&#x431;&#x43B;&#x438;&#x43E;&#x433;&#x440;.: &#x441;. 92</subfield>
  </datafield>
  <datafield tag="606" ind1="1" ind2=" ">
    <subfield code="a">&#x41F;&#x430;&#x440;&#x43E;&#x432;&#x44B;&#x435; &#x442;&#x443;&#x440;&#x431;&#x438;&#x43D;&#x44B;</subfield>
    <subfield code="x">&#x41F;&#x43E;&#x434;&#x448;&#x438;&#x43F;&#x43D;&#x438;&#x43A;&#x438;</subfield>
    <subfield code="x">&#x410;&#x432;&#x430;&#x440;&#x438;&#x438;</subfield>
    <subfield code="9">1812942</subfield>
    <subfield code="3">RU\NLR\AUTH\66818054</subfield>
  </datafield>
  <datafield tag="606" ind1="1" ind2=" ">
    <subfield code="a">&#x41F;&#x430;&#x440;&#x43E;&#x432;&#x44B;&#x435; &#x442;&#x443;&#x440;&#x431;&#x438;&#x43D;&#x44B;</subfield>
    <subfield code="x">&#x41F;&#x43E;&#x434;&#x448;&#x438;&#x43F;&#x43D;&#x438;&#x43A;&#x438;</subfield>
    <subfield code="x">&#x417;&#x430;&#x43B;&#x438;&#x432;&#x43A;&#x430; &#x431;&#x430;&#x431;&#x431;&#x438;&#x442;&#x43E;&#x43C;</subfield>
    <subfield code="9">1812956</subfield>
    <subfield code="3">RU\NLR\AUTH\66818062</subfield>
  </datafield>
  <datafield tag="686" ind1="1" ind2=" ">
    <subfield code="a">&#x417;363.2-082.303</subfield>
  </datafield>
  <datafield tag="686" ind1="1" ind2=" ">
    <subfield code="a">&#x417;363.2-063.011</subfield>
  </datafield>
  <datafield tag="700" ind1=" " ind2="1">
    <subfield code="a">&#x42F;&#x437;&#x44B;&#x43A;&#x43E;&#x432;</subfield>
    <subfield code="b">&#x410;. &#x415;.</subfield>
    <subfield code="g">&#x410;&#x43D;&#x430;&#x442;&#x43E;&#x43B;&#x438;&#x439; &#x415;&#x432;&#x433;&#x435;&#x43D;&#x44C;&#x435;&#x432;&#x438;&#x447;</subfield>
  </datafield>
  <datafield tag="701" ind1=" " ind2="1">
    <subfield code="a">&#x41C;&#x443;&#x440;&#x43C;&#x430;&#x43D;&#x441;&#x43A;&#x438;&#x439;</subfield>
    <subfield code="b">&#x411;. &#x415;.</subfield>
    <subfield code="g">&#x411;&#x43E;&#x440;&#x438;&#x441; &#x415;&#x444;&#x438;&#x43C;&#x43E;&#x432;&#x438;&#x447;</subfield>
  </datafield>
  <datafield tag="801" ind1=" " ind2="0">
    <subfield code="a">RU</subfield>
    <subfield code="b">&#x420;&#x413;&#x411;</subfield>
    <subfield code="c">20150218</subfield>
    <subfield code="g">RCR</subfield>
  </datafield>
  <datafield tag="942" ind1=" " ind2=" ">
    <subfield code="c">BOOK</subfield>
  </datafield>
  <datafield tag="980" ind1=" " ind2=" ">
    <subfield code="a">NBR</subfield>
  </datafield>
</record>
